Te llamaré Viernes / (Record no. 15535)
[ view plain ]
| 000 -LEADER | |
|---|---|
| campo de control de longitud fija | 01724nam a22002655i 4500 |
| 001 - NÚMERO DE CONTROL | |
| campo de control | 15535 |
| 003 - IDENTIFICADOR DE NÚMERO DE CONTROL | |
| campo de control | ES-MaACL |
| 005 - FECHA Y HORA DE LA ÚLTIMA TRANSACCIÓN | |
| campo de control | 20250804062641.0 |
| 007 - CAMPO FIJO DE DESCRIPCIÓN FÍSICA--INFORMACIÓN GENERAL | |
| campo de control de longitud fija | t| |
| 008 - DATOS DE LONGITUD FIJA--INFORMACIÓN GENERAL | |
| campo de control de longitud fija | 000329s1991 sp ||||0| spa |
| 020 ## - NÚMERO INTERNACIONAL ESTÁNDAR DEL LIBRO | |
| Número Internacional Estándar del Libro | 84-7223-188-7 |
| 080 ## - NÚMERO DE LA CLASIFICACIÓN DECIMAL UNIVERSAL | |
| Número de la Clasificación Decimal Universal | 821.134.2-31"19" |
| 100 1# - ENTRADA PRINCIPAL--NOMBRE DE PERSONA | |
| Nombre de persona | Grandes, Almudena, |
| Fechas asociadas al nombre | 1960-2021 |
| 9 (RLIN) | 59600 |
| 245 10 - MENCIÓN DEL TÍTULO | |
| Título | Te llamaré Viernes / |
| Mención de responsabilidad, etc. | Almudena Grandes. |
| 250 ## - MENCION DE EDICION | |
| Mención de edición | 1ª ed. |
| 260 ## - PUBLICACIÓN, DISTRIBUCIÓN, ETC. | |
| Lugar de publicación, distribución, etc. | Barcelona : |
| Nombre del editor, distribuidor, etc. | Tusquets, |
| Fecha de publicación, distribución, etc. | 1991. |
| 300 ## - DESCRIPCIÓN FÍSICA | |
| Extensión | 360 p. ; |
| Dimensiones | 21 cm. |
| 490 1# - MENCIÓN DE SERIE | |
| Mención de serie | Andanzas ; |
| Designación de volumen o secuencia | 136 |
| 520 ## - RESUMEN, ETC. | |
| Sumario, etc. | ¿Cómo condensar en pocas líneas toda la complejidad de esta difícil historia de amor, que genera a su vez tantas otras que nos hacen pensar y sentir la abrumadora soledad en la que intentan sobrevivir estos personajes feos y huraños, crecidos en el desamor, conmovedores en medio de tanta dureza y tanta ternura ? En un Madrid sin alma, Benito ata los cabos de su accidentada existencia gris, hecha para estrellarse una y otra vez «con la miseria del héroe», hasta el día en que, cual un nuevo y desesperado Robinson urbano, encuentra a su Viernes en Manuela, con quien la Naturaleza no fue benigna pero a quien sí dotó del extraordinario don de fabular. Consuelan su tortuoso y tenue deseo de vida y amor el recuerdo insistente de las chinelas azul celeste de una madre infiel y los delirios filosóficos de Polibio, intelectual venido a menos, dueño del bar más cutre de la ciudad. A su alrededor, los demás, el jodido mundo que es como una isla desierta cuando no hay un maldito Viernes que te cuente un cuento… |
| 655 #0 - TERMINO DE INDIZACIÓN--GENERO/FORMA | |
| Datos o término principal de género/forma | Novelas |
| 9 (RLIN) | 234319 |
| 830 10 - PUNTO DE ACCESO ADICIONAL DE SERIE-TÍTULO UNIFORME | |
| Título uniforme | Colección Andanzas |
| Designación de volumen o secuencia | 136 |
| 9 (RLIN) | 234359 |
| 852 4# - LOCALIZACIÓN | |
| Ubicación | ES-MaACL |
| Número de control de estantería | L-22786 |
| 942 ## - ELEMENTOS DE ENTRADA SECUNDARIOS (KOHA) | |
| Fuente del sistema de clasificación o colocación | Clasificación decimal universal |
| Estatus retirado | Estado de pérdida | Estado de daño | No para préstamo | Biblioteca de origen | Biblioteca actual | Ubicación en estantería | Fecha de adquisición | Fuente de adquisición | Total de préstamos | Signatura topográfica completa | Código de barras | Visto por última vez | Precio de reemplazo | Tipo de ítem Koha |
|---|---|---|---|---|---|---|---|---|---|---|---|---|---|---|
| Biblioteca del Ateneo de Madrid | Biblioteca del Ateneo de Madrid | Depósito 2 | 17/01/2008 | L-22786 | 1015793 | 23/02/2023 | 23/02/2023 | Libro impreso |
